000 00333nam a22001457a 4500
008 210223b ||||| |||| 00| 0 eng d
020 _a0815140878
041 _aeng
080 _a617
082 _a617
100 _a5
101 _aKIR
245 _aAdvances in Plastic and Reconstructive Surgery
_cHabal, M. B
942 _2udc
_cBK
999 _c55115
_d55115